نيل الاوطار. الجزء الاول : شرح منتقى الاخبار من احاديث سيد الاخيار ;; Nayl al-awṭār. al-Juzʼ al-awwal : sharḥ Muntaqá al-akhbār min aḥādīth Sayyid al-Akhyār / (Record no. 78533)
[ view plain ]
| 000 -LEADER | |
|---|---|
| fixed length control field | 01261aaa a2200265 a 4500 |
| 001 - CONTROL NUMBER | |
| control field | 78533 |
| 003 - CONTROL NUMBER IDENTIFIER | |
| rucl marc code | BD-RjUL |
| 005 - DATE AND TIME OF LATEST TRANSACTION | |
| control field | 20230131142206.0 |
| 008 - FIXED-LENGTH DATA ELEMENTS--GENERAL INFORMATION | |
| fixed length control field | 210930s195? le ||||| |||| 00| 0 ara d |
| 035 ## - SYSTEM CONTROL NUMBER | |
| System control number | (BD-RjUL)78759 |
| 040 ## - CATALOGING SOURCE | |
| Original cataloging agency | BD-RjUL |
| Language of cataloging | eng |
| Transcribing agency | BD-RjUL |
| 041 ## - LANGUAGE CODE | |
| Language code of text/sound track or separate title | ara |
| 082 ## - DEWEY DECIMAL CLASSIFICATION NUMBER | |
| Edition number | 23 |
| Classification number | 297.1226 |
| Author mark and year | SHN 195? |
| 100 ## - MAIN ENTRY--PERSONAL NAME | |
| Personal name | شوكاني، محمد بن علي ;; Shawkani, Muhammad bin Ali |
| 9 (RLIN) | 248795 |
| 245 ## - TITLE STATEMENT | |
| Title | نيل الاوطار. الجزء الاول : شرح منتقى الاخبار من احاديث سيد الاخيار ;; Nayl al-awṭār. al-Juzʼ al-awwal : sharḥ Muntaqá al-akhbār min aḥādīth Sayyid al-Akhyār / |
| Statement of responsibility, etc. | تأليف الامام محمد بن علي بن محمد الشوكاني. ;; Muḥammad ibn ʻAlī Shawkānī |
| 250 ## - EDITION STATEMENT | |
| Edition statement | 3rd. ed. |
| 260 ## - PUBLICATION, DISTRIBUTION, ETC. (IMPRINT) | |
| Place of publication, distribution, etc. | مصر : |
| Name of publisher, distributor, etc. | مصطفي الباني الجلي واولاد , |
| Date of publication, distribution, etc. | 1961 |
| Place of publication, distribution, etc. | misr : |
| Name of publisher, distributor, etc. | mustafi albani aljalii wawlad , |
| Date of publication, distribution, etc. | [194..?] |
| 300 ## - PHYSICAL DESCRIPTION | |
| Pagination | V. ; |
| Size | 23 CM |
| 600 ## - SUBJECT ADDED ENTRY--PERSONAL NAME | |
| Personal name | Ibn Taymīyah, ʻAbd al-Salām ibn ʻAbd Allāh, |
| Dates associated with a name | -- 1193 or 1194-1254 or 1255. -- |
| Personal name | Muntaqá min aḥādīth al-Aḥkām. |
| 650 ## - SUBJECT ADDED ENTRY--TOPICAL TERM | |
| Topical term or geographic name as entry element | Hadith |
| Form subdivision | Criticism, interpretation, etc. |
| 9 (RLIN) | 248798 |
| Topical term or geographic name as entry element | RELIGION / Islam / General |
| 9 (RLIN) | 248799 |
| 942 ## - ADDED ENTRY ELEMENTS (KOHA) | |
| Source of classification or shelving scheme | Dewey Decimal Classification |
| Koha item type | Books |
| Lost status | Source of classification or shelving scheme | Damaged status | Not for loan | Collection code | Permanent Location | Current Location | Shelving location | Date acquired | Total Checkouts | Full call number | Date last seen | Copy number | Koha item type | Source of acquisition |
|---|---|---|---|---|---|---|---|---|---|---|---|---|---|---|
| Dewey Decimal Classification | Not For Loan | Non-fiction | Central Library, University of Rajshahi | Central Library, University of Rajshahi | Reading Room | 30/09/2021 | A 297.1226 SHN 195? | 30/09/2021 | C-1 | Books | ||||
| Dewey Decimal Classification | Non-fiction | Central Library, University of Rajshahi | Central Library, University of Rajshahi | General Stacks | 02/04/1964 | A 297.1226 SHN V-1 1961 | 21/12/2021 | C-2 | Books | Moin uddin Bangal | ||||
| Dewey Decimal Classification | Not For Loan | Non-fiction | Central Library, University of Rajshahi | Central Library, University of Rajshahi | Reading Room | 23/10/2022 | A 297.1226 SHN V-3 195? | 23/10/2022 | C-1 | Books | ||||
| Dewey Decimal Classification | Not For Loan | Non-fiction | Central Library, University of Rajshahi | Central Library, University of Rajshahi | Reading Room | 02/11/2022 | A 297.1226 SHN V-5 1961 | 02/11/2022 | C-1 | Books | ||||
| Dewey Decimal Classification | Not For Loan | Non-fiction | Central Library, University of Rajshahi | Central Library, University of Rajshahi | Reading Room | 31/01/2023 | A 297.1226 SHN V-7 1961 | 31/01/2023 | C-1 | Books |